00645nam a2200241 x 45000010008000000030004000080050017000120080041000290100017000700100017000870150013001040200015001170400008001320820012001402450065001522600052002173000022002693500012002914900025003035040037003286000011003657000027003761953055OSt20200421093818.0930621s1992 enk 00110 eng b ab 93012694  a 92004991  ab9312694 a0521430186 cxxx00a18422034aThe Cambridge companion to Plato /cedited by Richard Kraut. aCambridge :bCambridge University Press,c1992. axiv, 560pc24 cm.00a£35.0000aCambridge companions00aBibliography: p493-529 and index00aPlato.10aKraut, Richard,d1944-